<?xml version="1.0" encoding="UTF-8"?><?xml-stylesheet type="text/xsl" href="static/style.xsl"?><OAI-PMH xmlns="http://www.openarchives.org/OAI/2.0/" xmlns:xsi="http://www.w3.org/2001/XMLSchema-instance" xsi:schemaLocation="http://www.openarchives.org/OAI/2.0/ http://www.openarchives.org/OAI/2.0/OAI-PMH.xsd"><responseDate>2026-04-14T07:09:12Z</responseDate><request verb="GetRecord" identifier="oai:www.recercat.cat:10459.1/468412" metadataPrefix="marc">https://recercat.cat/oai/request</request><GetRecord><record><header><identifier>oai:recercat.cat:10459.1/468412</identifier><datestamp>2025-09-15T18:21:18Z</datestamp><setSpec>com_2072_3622</setSpec><setSpec>col_2072_479130</setSpec></header><metadata><record xmlns="http://www.loc.gov/MARC21/slim" xmlns:dcterms="http://purl.org/dc/terms/" xmlns:xsi="http://www.w3.org/2001/XMLSchema-instance" xmlns:doc="http://www.lyncode.com/xoai" xsi:schemaLocation="http://www.loc.gov/MARC21/slim http://www.loc.gov/standards/marcxml/schema/MARC21slim.xsd">
   <leader>00925njm 22002777a 4500</leader>
   <datafield ind2=" " ind1=" " tag="042">
      <subfield code="a">dc</subfield>
   </datafield>
   <datafield ind2=" " ind1=" " tag="720">
      <subfield code="a">Fité i Llevot, Francesc</subfield>
      <subfield code="e">author</subfield>
   </datafield>
   <datafield ind2=" " ind1=" " tag="260">
      <subfield code="c">2025</subfield>
   </datafield>
   <datafield ind2=" " ind1=" " tag="520">
      <subfield code="a">El poble de la Baronia de Sant Oïsme està integrat a l’actual municipi de Camarasa. Se situa dalt d’un turó, damunt el riu Noguera Pallaresa, abans d’entrar al congost de Terradets davant la vall d’Àger. Gairebé és buit gran part de l’any, però conserva un patrimoni excepcional al voltant de l’església romànica de Sant Bartomeu (segle XI) i l’antic castell de Sant Oïsme, del qual es conserven mur i una torre rodona restaurada. La seva història és una veritable crònica de les terres altes de la Noguera.</subfield>
   </datafield>
   <datafield ind2=" " ind1=" " tag="520">
      <subfield code="a">The village of Baronia de Sant Oïsme is part of the current municipality of Camarasa. It is located on a hill above the Noguera Pallaresa river, before entering the Terradets gorge facing the Àger valley. It is almost empty for much of the year, but it preserves an exceptional heritage around the Romanesque church of Sant Bartomeu (11th century) and the old castle of Sant Oïsme, of which a wall and a restored round tower are preserved. Its history is a true chronicle of the highlands of the Noguera region.</subfield>
   </datafield>
   <datafield tag="653" ind2=" " ind1=" ">
      <subfield code="a">Noguera</subfield>
   </datafield>
   <datafield tag="653" ind2=" " ind1=" ">
      <subfield code="a">Castells de la Noguera</subfield>
   </datafield>
   <datafield tag="653" ind2=" " ind1=" ">
      <subfield code="a">Baronia de Sant Oïsme</subfield>
   </datafield>
   <datafield tag="653" ind2=" " ind1=" ">
      <subfield code="a">Camarasa</subfield>
   </datafield>
   <datafield tag="653" ind2=" " ind1=" ">
      <subfield code="a">Castles of la Noguera</subfield>
   </datafield>
   <datafield ind2="0" ind1="0" tag="245">
      <subfield code="a">La Baronia de Sant Oïsme : “A Baronia, el llop hi fa niu i la guineu hi cria”</subfield>
   </datafield>
   <datafield ind2="0" ind1="0" tag="245">
      <subfield code="a">La Baronia de Sant Oïsme : In Baronia, the wolf makes its nest and the fox breeds there</subfield>
   </datafield>
</record></metadata></record></GetRecord></OAI-PMH>